La Biblia, su historia y su lectura: una introducción
Guardat en:
| Autor principal: | |
|---|---|
| Format: | Llibre |
| Idioma: | espanyol |
| Publicat: |
Pamplona
Verbo Divino
1995
|
| Matèries: | |
| Etiquetes: |
Afegir etiqueta
Sense etiquetes, Sigues el primer a etiquetar aquest registre!
|
MARC
| LEADER | 00000nam a2200000 a 4500 | ||
|---|---|---|---|
| 001 | UCZ1187 | ||
| 003 | CL-VaPUC | ||
| 008 | 950817e19950000SP |||||||||||||||||spa|d | ||
| 082 | 0 | 4 | |a 220.61 |b KON |2 21 |
| 100 | 0 | |a Konings, Johan |e author |9 344627 | |
| 245 | 1 | 3 | |a La Biblia, su historia y su lectura: una introducción |
| 300 | |a 252 p | ||
| 942 | |c BK | ||
| 945 | |d 19950817 00:00:00 |a aalvarez | ||
| 260 | |a Pamplona |b Verbo Divino |c 1995 | ||
| 650 | 0 | |a Biblia |9 257603 | |
| 650 | 0 | |a Interpretación |9 258846 | |
| 583 | |a last modification |c 20170628 12:53:00 |k Rodrigo Vera | ||
| 999 | |c 237980 |d 237978 | ||
| 952 | |0 0 |1 0 |4 0 |6 220_610000000000000_KON_1995 |7 0 |8 A |9 247866 |a BIBTEO |b BIBTEO |d 2019-11-18 |i 3122425 |o 220.61 KON 1995 |p 3122425 |r 2025-01-17 |w 2019-11-18 |y BK |k ICR | ||
| 952 | |0 0 |1 0 |4 0 |6 220_610000000000000_KON_1995 |7 0 |8 A |9 247867 |a BIBTEO |b BIBTEO |d 2019-11-18 |i 3212920 |o 220.61 KON 1995 |p 3212920 |r 2025-01-17 |w 2019-11-18 |y BK |k ICR | ||